Prognóza vývoja trhovej spotreby základných potravín a vybraných komplementárnych predmetov dlhodobej spotreby s časovým horizontom do roku 2000 kandidátska dizertačná práca

Gespeichert in:
Bibliographische Detailangaben
1. Verfasser: Novacká, Ľudmila, 1953-
Körperschaft: Vysoká škola ekonomická v Bratislave
Weitere Verfasser: Rendoš, Ladislav
Format: Buch
Sprache:Slowakisch
Veröffentlicht: Bratislava 1984
Schlagworte:
Tags: Tag hinzufügen
Keine Tags, Fügen Sie das erste Tag hinzu!

MARC

LEADER 00000nam a2200000 4500
001 c002715
005 20230116121431.8
041 0 |a slo 
044 |a SK 
245 1 0 |a Prognóza vývoja trhovej spotreby základných potravín a vybraných komplementárnych predmetov dlhodobej spotreby s časovým horizontom do roku 2000  |b kandidátska dizertačná práca  |c Ľudmila Novacká ; Škol. Ladislav Rendoš 
264 1 |a Bratislava  |c 1984 
300 |a 141 s. 
610 2 0 |a spotreba obyvateľstva 
610 2 0 |a spotreba potravín 
610 2 0 |a predmety spotreby dlhodobej 
610 2 0 |a prognózy 
610 2 0 |a trh 
610 2 0 |a potraviny 
100 1 |a Novacká, Ľudmila, 1953- 
700 1 |a Rendoš, Ladislav 
710 2 |a Vysoká škola ekonomická v Bratislave